El fin de la globalizacion /
Uloženo v:
| Hlavní autor: | |
|---|---|
| Médium: | Text |
| Témata: | |
| Tagy: |
Přidat tag
Žádné tagy, Buďte první, kdo vytvoří štítek k tomuto záznamu!
|
MARC
| LEADER | 00000 a a2200000 04500 | ||
|---|---|---|---|
| 001 | 42386 | ||
| 003 | |||
| 040 | |||
| 100 | |a Vergopoulos, Kostas | ||
| 245 | |a El fin de la globalizacion / |c Kostas Vergopoulos | ||
| 650 | |a GLOBALIZACION | ||
| 650 | |a AUMENTO DE LA PRODUCCION | ||
| 650 | |a CRECIMIENTO ECNONOMICO NULO | ||
| 650 | |a MODELOS DE CRECIMIENTO | ||
| 650 | |a POLITICA DE CRECIMIENTO | ||
| 773 | |g volumen33, número130 ( , 2002), páginas 137-156 | ||
| 999 | |c 34851 |d 34851 | ||
